000
00264nam a22001217a 4500
008
170711b xxu||||| |||| 00| 0 eng d
041
_a
eng
080
_a
94
100
_a
16
101
_a
SHH
245
_a
YEAR BOOK EVENTS OF 1994
_c
LORIMER,L.T
942
_2
udc
_c
BK
999
_c
20194
_d
20194